| 000 | 00910nam a22002657a 4500 | ||
|---|---|---|---|
| 008 | 130821s1965 it gr ita | ||
| 040 |
_aCo-BoUCM _bspa |
||
| 041 | 0 | 0 | _aita |
| 092 | _aFM 000709 5a. ed | ||
| 100 |
_aMontanelli, Indro _d1909- _967788 |
||
| 245 | 0 | 0 |
_aDante e il suo secolo _cIndro Montanelli |
| 260 |
_aMilán (Italia) _bRizzoli _c1965 |
||
| 300 | _a528 páginas | ||
| 500 | _aIncluye índice. -- Este libro se encuentra en el depósito de la biblioteca | ||
| 600 |
_aDante Alighieri _d1265-1321 _933114 |
||
| 600 |
_aDante Alighieri _d1265-1321 _xCrítica e interpretación, etc. _9594 |
||
| 650 | 0 | 4 |
_aHistoria _97695 |
| 650 | 0 | 4 |
_aRenacimiento _923537 |
| 650 | 0 | 4 |
_aRenacimiento _xHistoria _zItalia _923537 |
| 650 | 0 | 4 |
_aVida intelectual _926232 |
| 651 |
_aItalia _926640 |
||
| 651 |
_aItalia _xHistoria _965531 |
||
| 651 |
_aItalia _xVida intelectual _926640 |
||
| 942 |
_cLIBRO _a27 _e1 _n0 |
||
| 999 |
_c84615 _d84615 |
||